A PRACTICAL BOOK OF PHARMACEUTICS-1 (Record no. 5961)

MARC details
000 -LEADER
fixed length control field 00464nam a22001697a 4500
005 - DATE AND TIME OF LATEST TRANSACTION
control field 20240108120211.0
008 - FIXED-LENGTH DATA ELEMENTS--GENERAL INFORMATION
fixed length control field 190613b xxu||||| |||| 00| 0 eng d
020 ## - INTERNATIONAL STANDARD BOOK NUMBER
ISBN 978-93-86700-93-3
041 ## - LANGUAGE CODE
Language code of text/sound track or separate title eng
082 ## - DEWEY DECIMAL CLASSIFICATION NUMBER
Classification number 615.1
Item number ALM-P
100 ## - MAIN ENTRY--AUTHOR NAME
Personal name ALAM, DR. SANJAR .,SAHOO,DR. JAGANNATH AND SHARMA,SHIKHA
245 ## - TITLE STATEMENT
Title A PRACTICAL BOOK OF PHARMACEUTICS-1
260 ## - PUBLICATION, DISTRIBUTION, ETC. (IMPRINT)
Place of publication PUNE
Name of publisher NIRALI PRAKASHAN
300 ## - PHYSICAL DESCRIPTION
Number of Pages 78 p,
650 ## - SUBJECT ADDED ENTRY--TOPICAL TERM
Topical Term PHARMACY
General subdivision B.PHARMA
942 ## - ADDED ENTRY ELEMENTS (KOHA)
Koha item type Books
Holdings
Lost status Damaged status Collection code Home library Current library Shelving location Date acquired Source of acquisition Cost, normal purchase price Full call number Accession Number Koha item type
    PHARMACY JRU Library JRU Library Shelf - 27- A 13/06/2019 PURCHESS 70.00 615.1 22655 Books
    PHARMACY JRU Library JRU Library Shelf - 27- A 13/06/2019 PURCHESS 70.00 615.1 ALM-P 22656 Books
    Reference JRU Library JRU Library SHELF-4-E 21/06/2019 PURCHESS 60.00 615.1 22657 Books
    PHARMACY JRU Library JRU Library Shelf - 27- A 10/02/2022 PURCHASE 85.00 615.1 26358 Books
    PHARMACY JRU Library JRU Library Shelf - 27- A 10/02/2022 PURCHASE 85.00 615.1 26359 Books
    PHARMACY JRU Library JRU Library Shelf - 27- A 10/02/2022 PURCHASE 85.00 615.1 26360 Books
    PHARMACY JRU Library JRU Library Shelf - 27- A 10/02/2022 PURCHASE 85.00 615.1 26361 Books
    PHARMACY JRU Library JRU Library Shelf - 27- A 10/02/2022 PURCHASE 85.00 615.1 26362 Books
    PHARMACY JRU Library JRU Library Shelf - 27- A 10/02/2022 PURCHASE 85.00 615.1 26363 Books